000
00208 a2200097 4500
001
6727
100
_a
Thorne, J O
245
_a
Elementary Statistical Methods
260
_a
_b
Methuen
_c
090
_c
5578
_d
5578
942
_a
NUST-CAE
_c
M
_c
32020
999
_c
241800
_d
241800